LEADER 05038nam 2200649Ia 450 001 9910459907603321 005 20200520144314.0 010 $a1-283-36318-6 010 $a9786613363183 010 $a0-08-092479-4 035 $a(CKB)2670000000069471 035 $a(EBL)631866 035 $a(OCoLC)701704007 035 $a(SSID)ssj0000486744 035 $a(PQKBManifestationID)11307216 035 $a(PQKBTitleCode)TC0000486744 035 $a(PQKBWorkID)10442392 035 $a(PQKB)10100078 035 $a(MiAaPQ)EBC631866 035 $a(Au-PeEL)EBL631866 035 $a(CaPaEBR)ebr10451126 035 $a(CaONFJC)MIL3030613 035 $a(EXLCZ)992670000000069471 100 $a20071206d2008 uy 0 101 0 $aeng 135 $aur|n|---||||| 181 $ctxt 182 $cc 183 $acr 200 10$aPrinciples of environmental physics$b[electronic resource] /$fJohn Monteith, Mike Unsworth 205 $a3rd ed. 210 $aAmsterdam ;$aBoston $cElsevier$dc2008 215 $a1 online resource (440 p.) 300 $aDescription based upon print version of record. 311 $a0-12-505103-4 320 $aIncludes bibliographical references (p. 367-393) and index. 327 $aFront Cover; Principles of Environmental Physics; Copyright Page; Contents; Preface; Acknowledgments; Symbols; Chapter 1 The Scope of Environmental Physics; Chapter 2 Properties of Gases and Liquids; Gases and Water Vapor; Liquid; Stable Isotopes; Problems; Chapter 3 Transport of Heat, Mass, and Momentum; General Transfer Equation; Molecular Transfer Processes; Diffusion Coefficients; Problems; Chapter 4 Transport of Radiant Energy; The Origin and Nature of Radiation; Spatial Relations; Problems; Chapter 5 Radiation Environment; Solar Radiation 327 $aAttenuation of Solar Radiation in the AtmosphereSolar Radiation at the Ground; Terrestrial Radiation; Net Radiation; Problems; Chapter 6 Microclimatology of Radiation (i) Absorption, Reflection, and Transmission; Radiative Properties of Natural Materials; Problems; Chapter 7 Microclimatology of Radiation (ii) Radiation Interception by Solid Structures; Geometric Principles; Diffuse Radiation; Problems; Chapter 8 Microclimatology of Radiation (iii) Interception by Plants and Animals; Interception of Radiation by Plant Canopies; Interception of Radiation by Animal Coats; Net Radiation; Problems 327 $aChapter 9 Momentum TransferBoundary Layers; Momentum Transfer to Natural Surfaces; Lodging and Windthrow; Problems; Chapter 10 Heat Transfer; Convection; Measurements of Convection; Conduction; Insulation; Problems; Chapter 11 Mass Transfer (Gases and Water Vapor); Non-Dimensional Groups; Measurements of Mass Transfer; Ventilation; Mass Transfer through Pores; Coats and Clothing; Problems; Chapter 12 Mass Transfer (Particles); Steady Motion; Non-Steady Motion; Particle Deposition; Problems; Chapter 13 Steady State Heat Balance (i) Water Surfaces, Soil, and Vegetation; Heat Balance Equation 327 $aHeat Balance of ThermometersHeat Balance of Surfaces; Developments from the Penman Equation; Problems; Chapter 14 Steady State Heat Balance (ii) Animals; Heat Balance Components; The Thermo-Neutral Diagram; Specification of the Environment; Case Studies; Sheep; Problems; Chapter 15 Transient Heat Balance; Time Constant; General Cases; Heat Flow in Soil; Problems; Chapter 16 Micrometeorology (i) Turbulent Transfer, Profiles, and Fluxes; Turbulent Transfer; Flux-Gradient Methods; Methods for Indirect Measurements of Flux above Canopies; Relative Merits of Methods of Flux Measurement 327 $aTurbulent Transfer in CanopiesDensity Corrections to Flux Measurements; Problems; Chapter 17 Micrometeorology (ii) Interpretation of Measurements; Resistance Analogues; Case Studies; Transport within Canopies; Problems; References; Bibliography; Appendix A; Solutions to Selected Problems; Index; A; B; C; D; E; F; G; H; I; K; L; M; N; O; P; Q; R; S; T; U; V; W; Z 330 $aEnvironmental Physics concerns the description and analysis of physical processes that establish the conditions in which all species of life survive and reproduce. The subject involves a synthesis of mathematical relations that describe the physical nature of the environment and the many biological responses that environments evoke. Environmental Physics provides a basis for understanding the complex responses of plants and animals to environmental change.International concern with climate change has made both politicans and the general public much more aware of the impac 606 $aBiophysics 606 $aEcology 608 $aElectronic books. 615 0$aBiophysics. 615 0$aEcology. 676 $a577/.1 700 $aMonteith$b John Lennox$077799 701 $aUnsworth$b M. H$0882416 801 0$bMiAaPQ 801 1$bMiAaPQ 801 2$bMiAaPQ 906 $aBOOK 912 $a9910459907603321 996 $aPrinciples of environmental physics$91970963 997 $aUNINA LEADER 01600nas 2200469-a 450 001 9910890805703321 005 20260218110619.0 035 $a(CKB)1000000000320569 035 $a(CONSER)---94659175- 035 $a(DE-599)ZDB2159234-2 035 $a(DE-599)2159234-2 035 $a(EXLCZ)991000000000320569 100 $a19920610a19909999 --- a 101 0 $aeng 181 $ctxt$2rdacontent 182 $cc$2rdamedia 183 $acr$2rdacarrier 200 10$aWorking paper 210 $aIthaca, N.Y. $cCornell Food And Nutrition Policy Program$dc1990- 215 $a1 online resource 300 $aSeparately classified in LC before no. 23 (1991). 300 $aTitle from cover. 311 08$aPrint version: Working paper (Cornell Food and Nutrition Policy Program) 1936-5071 (DLC) 94659175 (OCoLC)25986425 517 1 $aWorking papers 606 $aNutrition policy 606 $aNutrition policy$zDeveloping countries 606 $aAgriculture$xEconomic aspects$zDeveloping countries 606 $aAgriculture$xEconomic aspects$2fast$3(OCoLC)fst00801415 606 $aNutrition policy$2fast$3(OCoLC)fst01042296 607 $aDeveloping countries$2fast 615 0$aNutrition policy. 615 0$aNutrition policy 615 0$aAgriculture$xEconomic aspects 615 7$aAgriculture$xEconomic aspects. 615 7$aNutrition policy. 676 $a363.8 712 02$aCornell Food and Nutrition Policy Program. 906 $aJOURNAL 912 $a9910890805703321 920 $aexl_impl conversion 996 $aWorking paper$91840036 997 $aUNINA